| 000 | 00345nam a22001337a 4500 | ||
|---|---|---|---|
| 020 | _a978-1-47395370-3 | ||
| 082 | _a658.45 | ||
| 100 | _aCornelissen, Joep | ||
| 245 |
_aCorporate Communication: _bA Guide to Theory & Practice, |
||
| 250 | _a5th | ||
| 260 |
_aLondon: _bSAGE Publication, _c2017 |
||
| 300 | _axxvi, 306p.: ill.; 24cm | ||
| 942 | _cBK | ||
| 999 |
_c22219 _d22219 |
||